[Event "Oebro CXU Nytaar 2025"]
[Site "Copenhagen"]
[Date "2025.12.28"]
[Round "4.7"]
[White "Ramsdal, Jens Albert"]
[Black "Thuesen, Mogens Henrik"]
[Result "1-0"]
[WhiteElo "2317"]
[BlackElo "2113"]
[WhiteFideId "1429221"]
[EventDate "2025.12.27"]
[EventType "swiss"]
[EventRounds "7"]
[EventCountry "DEN"]
[SourceTitle "Live v. Obro Skakforening"]

1. e4 e6 2. d4 d5 3. e5 c5 4. c3 Qb6 5. Nf3 Bd7 6. Be2 Bb5 7. dxc5 Bxc5 8. b4 Bxf2+ 9. Kf1 a6 10. Na3 Be3 11. Bxe3 Qxe3 12. Bxb5+ axb5 13. Nxb5 Kf8 14. Qe2 Qxe2+ 15. Kxe2 Nc6 16. Rhf1 Nh6 17. h3 Ke7 18. Kd3 f6 19. Rfe1 Rad8 20. Nbd4 Nxd4 21. Nxd4 f5 22. a4 Nf7 23. a5 Ra8 24. Nb3 Rhb8 25. Nc5 b6 26. Nb3 bxa5 27. Nxa5 Kd7 28. Kd4 Nd8 29. Re2 g5 30. Rea2 h5 31. Kd3 Rb6 32. Kd4 Rc8 33. Kd3 h4 34. Nb3 Nc6 35. Nc5+ Ke7 36. Ra7+ Nxa7 37. Rxa7+ Ke8 38. Rg7 Rxc5 39. bxc5 Rb1 40. c6 Kd8 41. Kd4 Rb5 42. Rxg5 Kc7 43. Rg6 Kxc6 44. Rxe6+ Kc7 45. Rh6 1-0

[Event "Oebro CXU Nytaar 2025"]
[Site "Copenhagen"]
[Date "2025.12.28"]
[Round "4.8"]
[White "Pedersen, Jan Nordenbaek"]
[Black "Heimisson, Hilmir Freyr"]
[Result "0-1"]
[WhiteElo "2171"]
[BlackElo "2303"]
[BlackFideId "2309998"]
[EventDate "2025.12.27"]
[EventType "swiss"]
[EventRounds "7"]
[EventCountry "DEN"]
[SourceTitle "Live v. Obro Skakforening"]

1. e4 e6 2. d4 d5 3. exd5 exd5 4. Nf3 Bd6 5. h3 Ne7 6. c4 c6 7. Nc3 O-O 8. Bd3 dxc4 9. Bxc4 Bf5 10. O-O Nd7 11. Re1 Nb6 12. Bb3 Ned5 13. Bg5 f6 14. Bh4 Re8 15. Bxd5+ cxd5 16. Qb3 Be7 17. Rac1 Rc8 18. Bg3 Rc4 19. a3 Qd7 20. Nb5 Rec8 21. Nc3 Bf8 22. Re3 R4c6 23. Nd2 a6 24. Rce1 Nc4 25. Nxc4 Rxc4 26. Rd1 b5 27. Rd2 Bg6 28. Ne2 b4 29. axb4 Bxb4 30. Nc3 a5 31. Rde2 h6 32. f3 Rxd4 33. Bf2 Rdc4 34. Rd2 Bf7 35. Red3 d4 36. Qd1 dxc3 37. bxc3 Qf5 0-1

[Event "Oebro CXU Nytaar 2025"]
[Site "Copenhagen"]
[Date "2025.12.28"]
[Round "4.9"]
[White "Moe, Mogens"]
[Black "Matthiesen, Martin"]
[Result "0-1"]
[WhiteElo "2097"]
[BlackElo "2289"]
[WhiteFideId "1400550"]
[BlackFideId "1404067"]
[EventDate "2025.12.27"]
[EventType "swiss"]
[EventRounds "7"]
[EventCountry "DEN"]
[SourceTitle "Live v. Obro Skakforening"]

1. e4 c6 2. d4 d5 3. exd5 cxd5 4. c4 Nf6 5. Nc3 Nc6 6. Bg5 dxc4 7. Bxc4 h6 8. Bxf6 exf6 9. d5 Ne5 10. Qe2 Be7 11. f4 Nxc4 12. Qxc4 O-O 13. O-O-O Bf5 14. Nge2 Rc8 15. Qb3 Bd6 16. Rhf1 Qe7 17. Rd2 Bg4 18. Kb1 Qe3 19. Qc2 Bf5 20. Qxf5 Qxd2 21. Rd1 Qe3 22. Rd3 Qf2 23. Qg4 g6 24. f5 h5 25. Qh3 Rce8 26. fxg6 fxg6 27. Nd4 Re1+ 28. Nd1 f5 29. Qf3 Qxf3 30. Nxf3 Re2 31. g3 f4 32. gxf4 Rxf4 33. a3 a6 34. h3 Rg2 35. Nd4 Rf1 36. Ka2 Rg3 37. Rxg3 Bxg3 38. Nc3 Re1 39. Ne6 Rh1 40. Nd8 Rxh3 41. Nxb7 Be5 42. d6 Bxc3 43. bxc3 Rxc3 44. d7 Rd3 45. d8=Q+ Rxd8 46. Nxd8 h4 0-1

[Event "Oebro CXU Nytaar 2025"]
[Site "Copenhagen"]
[Date "2025.12.28"]
[Round "4.10"]
[White "Fries Nielsen, Jens Ove"]
[Black "Saravana, Vedant Kumar"]
[Result "1-0"]
[WhiteElo "2273"]
[BlackElo "2063"]
[BlackFideId "45059730"]
[EventDate "2025.12.27"]
[EventType "swiss"]
[EventRounds "7"]
[EventCountry "DEN"]
[SourceTitle "Live v. Obro Skakforening"]

1. e4 e5 2. Nf3 Nc6 3. g3 Nf6 4. d3 Bc5 5. Bg2 d6 6. O-O Be6 7. c3 Bb6 8. d4 exd4 9. cxd4 Bg4 10. Be3 Nxe4 11. d5 Ne5 12. Qa4+ Qd7 13. Qxe4 Bxf3 14. Bxf3 f5 15. Qf4 O-O-O 16. Bg2 g5 17. Qxg5 Rhg8 18. Qh5 Ng4 19. Bxb6 axb6 20. Nc3 Rg6 21. h3 Ne5 22. Ne2 Rdg8 23. Nf4 Rg5 24. Qh6 Kb8 25. Rac1 Qf7 26. Rc3 R5g7 27. Rfc1 Rc8 28. Ne6 Rg6 29. Qf4 c5 30. dxc6 Rxe6 31. c7+ Rxc7 32. Rxc7 Qxc7 33. Rxc7 Kxc7 34. Qxf5 Re7 35. b4 Nc6 36. a3 Nd4 37. Qd5 1-0

[Event "Oebro CXU Nytaar 2025"]
[Site "Copenhagen"]
[Date "2025.12.28"]
[Round "4.11"]
[White "Veiergang, Oscar Jacob"]
[Black "Paludan, Noah"]
[Result "1/2-1/2"]
[WhiteElo "2208"]
[BlackElo "1999"]
[BlackFideId "1474987"]
[EventDate "2025.12.27"]
[EventType "swiss"]
[EventRounds "7"]
[EventCountry "DEN"]
[SourceTitle "Live v. Obro Skakforening"]

1. e4 e5 2. Bc4 Nf6 3. d3 Bc5 4. Nc3 c6 5. Nf3 d6 6. Bg5 Nbd7 7. Qd2 a5 8. a3 h6 9. Be3 Bxe3 10. fxe3 Nc5 11. O-O O-O 12. b4 Ne6 13. d4 axb4 14. axb4 Rxa1 15. Rxa1 exd4 16. exd4 d5 17. exd5 cxd5 18. Bb3 Ne4 19. Qe3 Nxc3 20. Qxc3 Nf4 21. Qe3 g5 22. Re1 Be6 23. g3 Ng6 24. Ne5 Qf6 25. Rf1 Qg7 26. Nd3 b6 27. Ra1 h5 28. Ra6 Ne7 29. Qe5 Nf5 30. Qxg7+ Kxg7 31. Rxb6 Nxd4 32. Nc5 Nxb3 33. Nxb3 Rc8 34. Nc5 Kf6 35. c3 Ke5 36. Kf2 Ra8 37. Ra6 Rxa6 38. Nxa6 d4 39. cxd4+ Kxd4 40. Nc7 Bd7 41. b5 Kc5 42. Ke3 f5 43. b6 Kxb6 44. Nd5+ Kc5 45. Nf6 Kd6 46. Nh7 f4+ 47. gxf4 gxf4+ 48. Kxf4 Ke7 49. Ke4 1/2-1/2

[Event "Oebro CXU Nytaar 2025"]
[Site "Copenhagen"]
[Date "2025.12.28"]
[Round "4.12"]
[White "Peitersen, Andreas"]
[Black "Jarlskov, Daniel Tuk Hartso"]
[Result "1/2-1/2"]
[WhiteElo "2054"]
[BlackElo "2202"]
[WhiteFideId "1479814"]
[BlackFideId "1463896"]
[EventDate "2025.12.27"]
[EventType "swiss"]
[EventRounds "7"]
[EventCountry "DEN"]
[SourceTitle "Live v. Obro Skakforening"]

1. d4 d5 2. Nc3 Nf6 3. Bg5 Ne4 4. Nxe4 dxe4 5. Qd2 h6 6. Bf4 Nd7 7. e3 e6 8. Ne2 Bd6 9. Bxd6 cxd6 10. Nc3 d5 11. Nb5 O-O 12. c4 a6 13. Nc3 Nf6 14. Be2 dxc4 15. Bxc4 b5 16. Bb3 Bb7 17. O-O Rc8 18. Rac1 Qb6 19. Ne2 Bd5 20. Bxd5 Nxd5 21. a3 f5 22. Rc2 b4 23. Rfc1 Rxc2 24. Qxc2 bxa3 25. bxa3 Rb8 26. Qc4 Kh7 27. h3 Rb7 28. Qc6 Rc7 29. Qxb6 Rxc1+ 30. Nxc1 Nxb6 31. Nb3 Nc4 32. a4 a5 33. Nc5 Nb6 34. Kf1 Kg6 35. Ke2 Kf6 36. Kd2 Ke7 37. Kc3 Kd6 38. Kb3 Kd5 39. Nb7 Nc4 1/2-1/2

[Event "Oebro CXU Nytaar 2025"]
[Site "Copenhagen"]
[Date "2025.12.28"]
[Round "4.13"]
[White "Porte, Henrik"]
[Black "Petersen, Lasse Emil"]
[Result "1/2-1/2"]
[WhiteElo "2122"]
[BlackElo "1904"]
[WhiteFideId "1016326"]
[BlackFideId "1440659"]
[EventDate "2025.12.27"]
[EventType "swiss"]
[EventRounds "7"]
[EventCountry "DEN"]
[SourceTitle "Live v. Obro Skakforening"]

1. d4 Nf6 2. c4 e6 3. Nc3 d5 4. Bg5 Be7 5. e3 O-O 6. Nf3 c6 7. Qc2 Nbd7 8. cxd5 exd5 9. Bd3 h6 10. Bh4 Re8 11. O-O Nf8 12. Bxf6 Bxf6 13. b4 a6 14. a4 Bg4 15. Nd2 Qd6 16. b5 c5 17. dxc5 Qxc5 18. Nce4 Qxc2 19. Nxf6+ gxf6 20. Bxc2 axb5 21. axb5 Be2 22. Rfb1 Rxa1 23. Rxa1 Bxb5 24. Bb3 Bc6 25. Nf3 Ne6 1/2-1/2

[Event "Oebro CXU Nytaar 2025"]
[Site "Copenhagen"]
[Date "2025.12.28"]
[Round "4.14"]
[White "Molvig, Henrik"]
[Black "Andersen, Claus Nis"]
[Result "1-0"]
[WhiteElo "2117"]
[BlackElo "1825"]
[WhiteFideId "1402625"]
[BlackFideId "1415735"]
[EventDate "2025.12.27"]
[EventType "swiss"]
[EventRounds "7"]
[EventCountry "DEN"]
[SourceTitle "Live v. Obro Skakforening"]

1. d4 Nf6 2. c4 g6 3. Nc3 d5 4. cxd5 Nxd5 5. e4 Nxc3 6. bxc3 Bg7 7. Bc4 c5 8. Ne2 Nc6 9. Be3 O-O 10. O-O Bg4 11. f3 Na5 12. Bd3 cxd4 13. cxd4 Be6 14. Rc1 b6 15. d5 Bc8 16. Qa4 e6 17. Rfd1 exd5 18. exd5 Qe8 19. Qxe8 Rxe8 20. Kf2 Bb7 21. Bb5 Rec8 22. d6 Rxc1 23. Nxc1 Rd8 24. Bf4 Nc6 25. d7 Ne5 26. Nd3 Nxd7 27. Nb4 1-0

[Event "Oebro CXU Nytaar 2025"]
[Site "Copenhagen"]
[Date "2025.12.28"]
[Round "4.15"]
[White "Lauritsen, Martin Lee"]
[Black "Hove, Svend Kjems"]
[Result "1-0"]
[WhiteElo "2115"]
[BlackElo "1837"]
[WhiteFideId "1408658"]
[BlackFideId "1408194"]
[EventDate "2025.12.27"]
[EventType "swiss"]
[EventRounds "7"]
[EventCountry "DEN"]
[SourceTitle "Live v. Obro Skakforening"]

1. e4 e6 2. d4 d5 3. Nd2 c5 4. Ngf3 Nf6 5. e5 Nfd7 6. c3 Nc6 7. Be2 Qb6 8. Nb3 c4 9. Nbd2 Be7 10. O-O O-O 11. b3 cxb3 12. Nxb3 f6 13. exf6 Bxf6 14. Ba3 Re8 15. c4 a5 16. Nc5 Nf8 17. Na4 Qc7 18. Rb1 Nb4 19. Bxb4 axb4 20. Rxb4 Qa5 21. Qb1 b5 22. cxb5 Be7 23. Nc5 Qxa2 24. Rb2 Qa5 25. b6 Bxc5 26. dxc5 Bb7 27. Rc1 Rec8 28. Bb5 Ba6 29. Bxa6 Rxa6 30. Rb5 Qa3 31. b7 Rb8 32. c6 e5 33. c7 Rg6 34. cxb8=Q Qxf3 35. Qxg6 Qa3 36. Qxf8+ Kxf8 37. b8=Q+ Ke7 38. Qbe8# 1-0

[Event "Oebro CXU Nytaar 2025"]
[Site "Copenhagen"]
[Date "2025.12.28"]
[Round "4.16"]
[White "Rosenlund, Thorbjorn"]
[Black "Hirshals, Valdemar"]
[Result "1-0"]
[WhiteElo "2062"]
[BlackElo "1800"]
[WhiteFideId "1400614"]
[EventDate "2025.12.27"]
[EventType "swiss"]
[EventRounds "7"]
[EventCountry "DEN"]
[SourceTitle "Live v. Obro Skakforening"]

1. Nf3 Nf6 2. c4 g6 3. Nc3 Bg7 4. d4 O-O 5. Bg5 c5 6. e3 Qa5 7. Qd2 d6 8. Be2 Bf5 9. O-O Qc7 10. Rac1 Ne4 11. Nxe4 Bxe4 12. d5 Bxf3 13. Bxf3 Nd7 14. Bxe7 Rfe8 15. Bh4 Rab8 16. Be2 a6 17. b3 b5 18. Bg3 b4 19. Bd3 Ne5 20. Bc2 Qe7 21. e4 a5 22. h3 a4 23. f4 Nd7 24. e5 dxe5 25. d6 Qd8 26. f5 e4 27. fxg6 hxg6 28. Qd5 Bd4+ 29. Kh1 Nf6 30. Qg5 Rb7 31. Bh4 Qxd6 32. Rxf6 Bxf6 33. Qxf6 Qxf6 34. Bxf6 a3 35. Re1 Rb6 36. Bg5 f5 37. Be3 Rd6 38. Bxc5 Rd2 39. Bb1 Rb8 40. Kg1 f4 41. Bxe4 Rxa2 42. Bd6 Re8 43. Bd5+ 1-0

[Event "Oebro CXU Nytaar 2025"]
[Site "Copenhagen"]
[Date "2025.12.28"]
[Round "4.17"]
[White "Alzaga, Luis"]
[Black "Petersen, Nils"]
[Result "1-0"]
[WhiteElo "1996"]
[BlackElo "1942"]
[WhiteFideId "1481606"]
[BlackFideId "1403346"]
[EventDate "2025.12.27"]
[EventType "swiss"]
[EventRounds "7"]
[EventCountry "DEN"]
[SourceTitle "Live v. Obro Skakforening"]

1. e4 c5 2. Nf3 e6 3. d4 cxd4 4. Nxd4 Nc6 5. Nc3 a6 6. Nxc6 bxc6 7. Bd3 d5 8. O-O Nf6 9. Re1 Be7 10. e5 Nd7 11. Qg4 g6 12. Bh6 Bf8 13. Bxf8 Nxf8 14. h4 h5 15. Qg3 a5 16. Rad1 Qe7 17. Qf4 Ba6 18. Bxa6 Rxa6 19. Re3 Nd7 20. Na4 c5 21. c4 d4 22. Rb3 O-O 23. Rb7 Qd8 24. Rxd7 Qxd7 25. Nxc5 Qc6 26. Nxa6 Qxa6 27. Qxd4 Rc8 28. b3 a4 29. Qd6 Qa8 30. c5 axb3 31. axb3 Qa3 32. c6 Qxb3 33. Qd8+ Rxd8 34. Rxd8+ Kg7 35. c7 Qb1+ 36. Kh2 Qe4 37. c8=Q Qxe5+ 38. g3 Qf6 39. Kg2 Kh7 40. Qd7 1-0

[Event "Oebro CXU Nytaar 2025"]
[Site "Copenhagen"]
[Date "2025.12.28"]
[Round "4.18"]
[White "Rasmussen, Victoria"]
[Black "Nielsen, Pia"]
[Result "1/2-1/2"]
[WhiteElo "1751"]
[BlackElo "1541"]
[WhiteFideId "1487531"]
[BlackFideId "1409700"]
[EventDate "2025.12.27"]
[EventType "swiss"]
[EventRounds "7"]
[EventCountry "DEN"]
[SourceTitle "Live v. Obro Skakforening"]

1. e4 c6 2. d4 d5 3. f3 e6 4. Nc3 Bb4 5. Bd2 Ne7 6. a3 Ba5 7. Bd3 Nd7 8. f4 h5 9. Nf3 Qc7 10. e5 Nf8 11. Nh4 Bd7 12. Na4 Bxd2+ 13. Qxd2 b6 14. Nc3 Nf5 15. Nxf5 exf5 16. Ne2 h4 17. O-O-O Be6 18. Ng1 a5 19. Nf3 b5 20. Qf2 Ng6 21. g3 Qe7 22. Rdg1 h3 23. Ng5 b4 24. a4 b3 25. c3 Qd7 26. Qf1 Ne7 27. Kd2 Nc8 28. Qa1 Qe7 29. Bf1 Nb6 30. Nxe6 fxe6 31. g4 g5 32. Ke3 Nc4+ 33. Bxc4 dxc4 34. gxf5 gxf4+ 35. Kxf4 Qh4+ 36. Ke3 exf5 37. Qb1 f4+ 38. Ke4 1/2-1/2

[Event "Oebro CXU Nytaar 2025"]
[Site "Copenhagen"]
[Date "2025.12.28"]
[Round "4.19"]
[White "Kirkebaekke, Mark"]
[Black "Lilja, Richard"]
[Result "0-1"]
[WhiteElo "1940"]
[BlackElo "2104"]
[BlackFideId "1403109"]
[EventDate "2025.12.27"]
[EventType "swiss"]
[EventRounds "7"]
[EventCountry "DEN"]
[SourceTitle "Live v. Obro Skakforening"]

1. e4 d6 2. d4 Nf6 3. Nc3 g6 4. f4 Bg7 5. Nf3 c5 6. e5 dxe5 7. dxe5 Qxd1+ 8. Nxd1 Nd5 9. a3 Nc6 10. c4 Nc7 11. g3 O-O 12. Bg2 Bf5 13. Bd2 Ne6 14. b4 cxb4 15. axb4 Ned4 16. Nxd4 Nxd4 17. Ra2 Nc2+ 18. Kf2 Rfd8 19. Bc3 Rd7 20. h3 h5 21. Bf3 Nd4 22. Bg2 Rc8 23. Ne3 Be6 24. Rd1 Nf5 25. Rxd7 Bxd7 26. c5 Nxe3 27. Kxe3 b6 28. Rxa7 Bf5 29. Ra8 bxc5 30. bxc5 Bf8 31. Rxc8 Bxc8 32. c6 e6 33. Bd4 Bb4 34. Bf3 Kf8 35. Kd3 Ba6+ 36. Kc2 Ke8 37. Bb6 Be1 38. g4 hxg4 39. hxg4 Bg3 40. Be3 Kd8 41. Kb3 Kc7 42. Ka4 Bc4 43. Kb4 Bd3 44. Kc5 Be1 45. Kd4 0-1

[Event "Oebro CXU Nytaar 2025"]
[Site "Copenhagen"]
[Date "2025.12.28"]
[Round "4.20"]
[White "Elnegaard, Tristan Lund"]
[Black "Ahl, Eskil Rosenlund"]
[Result "1-0"]
[WhiteElo "1867"]
[BlackElo "1963"]
[WhiteFideId "1480707"]
[BlackFideId "1481789"]
[EventDate "2025.12.27"]
[EventType "swiss"]
[EventRounds "7"]
[EventCountry "DEN"]
[SourceTitle "Live v. Obro Skakforening"]

1. e4 c5 2. Nf3 e6 3. d4 cxd4 4. Nxd4 Nf6 5. Bd3 Nc6 6. c3 Bc5 7. Nb3 Bb6 8. O-O Qc7 9. Re1 Ne5 10. h3 h5 11. Nd4 a6 12. Bf4 d6 13. Bg3 g5 14. Na3 g4 15. h4 Bd7 16. Bf1 O-O-O 17. Qb3 Ng8 18. Nc4 Ba7 19. Nc2 Bc5 20. a4 Ne7 21. Qa2 N7g6 22. b4 Ba7 23. Qb3 f5 24. exf5 exf5 25. Bxe5 dxe5 26. b5 Qc5 27. b6 Bb8 28. Qb4 Qf8 29. Na5 Qxb4 30. Nxb4 Bd6 31. Red1 Bc5 32. Bxa6 bxa6 33. b7+ Kc7 34. Nxa6+ Kb6 35. Nxc5 Kxc5 36. b8=Q Rxb8 37. Rxd7 Nxh4 38. Rad1 Rhc8 39. R1d5+ Kb6 40. R7d6+ Ka7 41. Nc6+ Rxc6 42. Rxc6 Rb1+ 43. Kh2 Rb7 44. Ra5+ Kb8 45. Rb5 f4 46. Rh6 Rxb5 47. axb5 e4 48. Rxh5 e3 49. fxe3 f3 50. Rxh4 f2 51. Rh8+ Kb7 52. Rf8 1-0

[Event "Oebro CXU Nytaar 2025"]
[Site "Copenhagen"]
[Date "2025.12.29"]
[Round "5.1"]
[White "Nielsen, Viktor Haarmark"]
[Black "Falkesgaard, Jeppe Hald"]
[Result "1/2-1/2"]
[WhiteElo "2368"]
[BlackElo "2240"]
[WhiteFideId "1444492"]
[BlackFideId "1464981"]
[EventDate "2025.12.27"]
[EventType "swiss"]
[EventRounds "7"]
[EventCountry "DEN"]
[SourceTitle "Live v. Obro Skakforening"]

1. d4 d5 2. c4 e6 3. Nf3 Nf6 4. g3 Bb4+ 5. Bd2 Be7 6. Bg2 O-O 7. O-O c6 8. Qc2 Nbd7 9. Bf4 a5 10. Rd1 Nh5 11. Bc1 f5 12. Nc3 Qe8 13. b3 Nhf6 14. cxd5 exd5 15. Qxf5 Bb4 16. Qd3 Bxc3 17. Qxc3 Qxe2 18. Re1 Ne4 19. Rxe2 Nxc3 20. Re3 Ne4 21. a4 Rf6 22. Ba3 Nf8 23. Rc1 Bg4 24. Be7 Bxf3 25. Bxf3 Re6 26. Bxe4 dxe4 27. Bxf8 Rxf8 28. Rce1 Ref6 29. R1e2 Rf3 30. Rxe4 Rxb3 31. Re7 Rf7 32. Re8+ Rf8 33. R8e7 Rf7 34. Re8+ Rf8 35. R8e7 1/2-1/2

[Event "Oebro CXU Nytaar 2025"]
[Site "Copenhagen"]
[Date "2025.12.29"]
[Round "5.2"]
[White "Aabling Thomsen, Jakob"]
[Black "Hector, Jonny"]
[Result "1/2-1/2"]
[WhiteElo "2340"]
[BlackElo "2418"]
[WhiteFideId "1407589"]
[BlackFideId "1700090"]
[EventDate "2025.12.27"]
[EventType "swiss"]
[EventRounds "7"]
[EventCountry "DEN"]
[SourceTitle "Live v. Obro Skakforening"]

1. Nf3 d5 2. g3 Nc6 3. Bg2 e5 4. d3 f5 5. O-O Nf6 6. c4 dxc4 7. Qa4 Bd6 8. Qxc4 Qe7 9. Nc3 Bd7 10. Bg5 Qf7 11. Qxf7+ Kxf7 12. Nb5 h6 13. Bxf6 Kxf6 14. Rfc1 Rhc8 15. Nxd6 cxd6 16. Rc3 d5 17. Rac1 e4 18. dxe4 dxe4 19. Nd2 Be6 20. a3 Rd8 21. Nc4 Bxc4 22. Rxc4 Rd2 23. R4c2 Rad8 24. Bf1 a5 25. b4 a4 26. b5 Na5 27. e3 Rxc2 28. Rxc2 Rd1 29. Kg2 Ra1 30. Rc3 Rb1 31. Rc8 Nb3 32. Rf8+ Ke5 33. Rf7 Nd2 34. Be2 Re1 35. Bh5 b6 36. Bg6 Ra1 37. Rxf5+ Ke6 38. Rf8 Rxa3 39. Rb8 Rb3 40. Rxb6+ Ke5 41. Ra6 a3 42. Bf7 Rxb5 43. Rxa3 Nf3 44. Bg6 Ne1+ 45. Kf1 Nf3 46. Ra4 Rb1+ 47. Kg2 Ne1+ 48. Kh3 Nd3 49. f4+ Kf6 50. Bxe4 Nf2+ 51. Kg2 Rb2 52. Ra6+ Ke7 53. Bd5 Ng4+ 54. Kf3 Nxh2+ 55. Ke4 Ng4 56. Ra7+ Kf6 57. Kd3 Nf2+ 58. Kd4 Rd2+ 59. Kc5 Rd3 60. Rf7+ Kg6 61. f5+ Kg5 62. Rxg7+ Kxf5 63. Rf7+ Ke5 64. Rxf2 Rxd5+ 65. Kc4 Rd8 66. Rf4 Rg8 67. g4 Rd8 68. Rd4 Rh8 69. Kd3 h5 70. gxh5 Rxh5 71. Ra4 Rh1 72. Ra5+ Ke6 73. Kd4 Ke7 74. Ra6 Rh5 75. e4 Rg5 76. Rc6 Rh5 77. Ra6 Rg5 78. Ra7+ Ke6 79. Ra1 Ke7 80. Rf1 Ke6 81. Rf4 Ra5 82. Rh4 Ra4+ 83. Ke3 Ra1 84. Rh6+ Ke5 85. Rh5+ Ke6 86. Rh2 Re1+ 87. Kf4 Rf1+ 88. Ke3 Re1+ 89. Re2 1/2-1/2

[Event "Oebro CXU Nytaar 2025"]
[Site "Copenhagen"]
[Date "2025.12.29"]
[Round "5.3"]
[White "Hansen, Soren Bech"]
[Black "Ramsdal, Jens Albert"]
[Result "0-1"]
[WhiteElo "2243"]
[BlackElo "2317"]
[WhiteFideId "1400681"]
[BlackFideId "1429221"]
[EventDate "2025.12.27"]
[EventType "swiss"]
[EventRounds "7"]
[EventCountry "DEN"]
[SourceTitle "Live v. Obro Skakforening"]

1. e4 c5 2. Nf3 d6 3. d4 cxd4 4. Nxd4 Nf6 5. Nc3 Nc6 6. Bg5 e6 7. Qd2 a6 8. O-O-O Bd7 9. f3 Nxd4 10. Qxd4 b5 11. Kb1 Be7 12. h4 Qc7 13. Qd2 b4 14. Ne2 a5 15. c4 bxc3 16. Nxc3 Qb7 17. a4 Rb8 18. Bb5 Bxb5 19. Nxb5 O-O 20. Rc1 Bd8 21. Rhd1 d5 22. Bf4 Rc8 23. Rxc8 Qxc8 24. Bd6 Re8 25. Rc1 Qa8 26. e5 Nd7 27. h5 h6 28. f4 d4 29. Qxd4 Bb6 30. Qd3 Qxg2 31. Ba3 Qd5 32. Qxd5 exd5 33. Rd1 Nf8 34. Bxf8 Kxf8 35. Rxd5 Rd8 36. Nd6 g6 37. Rb5 Bc7 38. Rc5 Rd7 39. hxg6 fxg6 40. Ne4 Bd8 41. Nd6 h5 42. Kc2 h4 43. Rc3 Ke7 44. Kd3 Bc7 45. Ke4 Bxd6 46. exd6+ Rxd6 47. Rh3 Rb6 48. Rxh4 Rxb2 49. Ke5 Re2+ 50. Kd5 Kf6 51. Kc5 Rb2 52. Kd4 Rb4+ 53. Ke3 Kf5 54. Rh8 Re4+ 55. Kf3 Rxf4+ 56. Kg3 Rxa4 57. Rf8+ Kg5 58. Ra8 Ra3+ 59. Kg2 Kg4 60. Rc8 Ra2+ 61. Kg1 Ra4 62. Rc5 g5 63. Kg2 Ra2+ 64. Kg1 Kh4 65. Rd5 g4 66. Rc5 Kh3 67. Rd5 Ra1+ 68. Kf2 g3+ 69. Kf3 Ra3+ 70. Ke2 g2 71. Rh5+ Kg4 72. Rh8 Ra2+ 73. Ke3 g1=Q+ 0-1

[Event "Oebro CXU Nytaar 2025"]
[Site "Copenhagen"]
[Date "2025.12.29"]
[Round "5.4"]
[White "Heimisson, Hilmir Freyr"]
[Black "Nilssen, Ellen Fredericia"]
[Result "1-0"]
[WhiteElo "2303"]
[BlackElo "2142"]
[WhiteFideId "2309998"]
[BlackFideId "1441230"]
[EventDate "2025.12.27"]
[EventType "swiss"]
[EventRounds "7"]
[EventCountry "DEN"]
[SourceTitle "Live v. Obro Skakforening"]

1. e4 e6 2. d4 d5 3. e5 c5 4. c3 Bd7 5. Nf3 Qb6 6. Be2 Bb5 7. dxc5 Bxc5 8. b4 Bxf2+ 9. Kf1 Bd7 10. Qd2 Nh6 11. a4 a5 12. Bd3 Ng4 13. Qg5 Bg1 14. Ra2 Be3 15. Qxg4 Bxc1 16. Qxg7 Rf8 17. b5 h6 18. Re2 Bc8 19. g3 Nd7 20. Kg2 Nc5 21. Bc2 Bg5 22. Nxg5 hxg5 23. Qxg5 1-0

[Event "Oebro CXU Nytaar 2025"]
[Site "Copenhagen"]
[Date "2025.12.29"]
[Round "5.5"]
[White "Matthiesen, Martin"]
[Black "Gregor, Bjarke"]
[Result "0-1"]
[WhiteElo "2289"]
[BlackElo "2056"]
[WhiteFideId "1404067"]
[BlackFideId "1423401"]
[EventDate "2025.12.27"]
[EventType "swiss"]
[EventRounds "7"]
[EventCountry "DEN"]
[SourceTitle "Live v. Obro Skakforening"]

1. Nf3 d5 2. g3 Nf6 3. Bg2 e6 4. O-O Be7 5. d4 O-O 6. c4 dxc4 7. Qc2 a6 8. a4 Nc6 9. Qxc4 Rb8 10. Bg5 h6 11. Bxf6 Bxf6 12. Rd1 e5 13. d5 Nd4 14. Nxd4 exd4 15. Nd2 Bf5 16. Nf3 b5 17. axb5 axb5 18. Qc5 Bg4 19. Nxd4 Bxd4 20. Rxd4 Bxe2 21. Re4 Bc4 22. Re7 Ra8 23. Rd1 Ra6 24. Rxc7 Rd6 25. Rc6 Rxc6 26. Qxc6 Qg5 27. Bf3 Rd8 28. Kg2 Qf5 29. Qc7 Rc8 30. Qe7 Bb3 31. Rd2 Bc4 32. d6 Bf1+ 33. Kxf1 Qxf3 34. Qc7 Re8 0-1

[Event "Oebro CXU Nytaar 2025"]
[Site "Copenhagen"]
[Date "2025.12.29"]
[Round "5.6"]
[White "Jalving, August"]
[Black "Fries Nielsen, Jens Ove"]
[Result "1/2-1/2"]
[WhiteElo "2231"]
[BlackElo "2273"]
[WhiteFideId "1471759"]
[EventDate "2025.12.27"]
[EventType "swiss"]
[EventRounds "7"]
[EventCountry "DEN"]
[SourceTitle "Live v. Obro Skakforening"]

1. e4 Na6 2. d4 c6 3. Nf3 d6 4. c4 g6 5. Nc3 Bg7 6. Be2 Nh6 7. h4 f6 8. d5 Nc7 9. h5 g5 10. Nh2 e6 11. dxe6 Bxe6 12. Be3 f5 13. Bd4 Be5 14. Nf3 Nf7 15. exf5 Bxf5 16. Nxe5 dxe5 17. Be3 Qxd1+ 18. Rxd1 g4 19. Rh4 Rg8 20. Bd3 Bxd3 21. Rxd3 Ne6 22. Ne4 Ke7 23. g3 Nfg5 24. Nxg5 Nxg5 25. Bc5+ Ke6 1/2-1/2

[Event "Oebro CXU Nytaar 2025"]
[Site "Copenhagen"]
[Date "2025.12.29"]
[Round "5.7"]
[White "Paludan, Noah"]
[Black "Kistrup, Nicolai"]
[Result "0-1"]
[WhiteElo "1999"]
[BlackElo "2365"]
[WhiteFideId "1474987"]
[BlackFideId "1444816"]
[EventDate "2025.12.27"]
[EventType "swiss"]
[EventRounds "7"]
[EventCountry "DEN"]
[SourceTitle "Live v. Obro Skakforening"]

1. e4 c6 2. Nc3 d5 3. Nf3 dxe4 4. Nxe4 Nf6 5. Qe2 Na6 6. d4 Nxe4 7. Qxe4 Qd5 8. Qxd5 cxd5 9. Bxa6 bxa6 10. Bf4 f6 11. h4 Bf5 12. Kd2 h5 13. Ne1 e6 14. f3 Kd7 15. Rg1 Be7 16. c3 a5 17. g4 hxg4 18. fxg4 Be4 19. h5 g6 20. hxg6 Rh3 21. Ng2 Rg8 22. Raf1 Rxg6 23. Ne3 Rh8 24. c4 dxc4 25. Nxc4 Rh3 26. g5 Bb4+ 27. Kc1 Bd3 28. gxf6 Bxc4 29. Rxg6 Bxf1 30. Rg7+ Kc6 31. a3 Bd6 32. Bxd6 Kxd6 33. Rxa7 Kd5 34. Rxa5+ Kxd4 35. Ra4+ Ke3 36. f7 Rf3 37. Ra7 e5 38. b4 Bc4 39. Re7 Kd4 40. Kb2 Rf2+ 41. Kc1 Kc3 42. Rd7 e4 0-1